Biggest Cities per City Name Length - Statistics

General Stats
  • This quiz has been taken 15 times
  • The average score is 8 of 33
Answer Stats
Most Populated % Correct
1 Letter Å, Norway
100%
5 Letters Tokyo, Japan
100%
8 Letters Shanghai, China
79%
7 Letters Beijing, China
71%
2 Letters Bo, Sierra Leone
64%
6 Letters Mumbai, India
57%
11 Letters Buenos Aires, Argentina
50%
169 Letters Krung Thep Mahanakhon Amon Rattanakosin Mahinthara Ayuthaya Mahadilok Phop Noppharat Ratchathani Burirom Udomratchaniwet Mahasathan Amon Piman Awatan Sathit Sakkathattiya Witsanukam Prasit, Thailand
50%
10 Letters Mexico City, Mexico
50%
9 Letters Chongqing, China
43%
4 Letters Lima, Peru
36%
12 Letters Rio de Janeiro, Brazil
36%
16 Letters Santo Domingo Este, Dominican Republic
36%
15 Letters Saint Petersburg, Russia
29%
3 Letters Aba, Nigeria
21%
13 Letters Ho Chi Minh City, Vietnam
21%
29 Letters Brandýs nad Labem-Stará Boleslav, Czech Republic
0%
21 Letters Cachoeiro de Itapemirim, Brazil
0%
20 Letters Ciudad Nezahualcóyotl, Mexico
0%
28 Letters Goshikichō-aihara-minamidanie, Japan
0%
58 Letters Llanfairpwllgwyngyllgogerychwyrndrobwllllantysiliogogogoch, U.K.
0%
31 Letters Nanchital de Lázaro Cárdenas del Río, Mexico
0%
17 Letters Naucalpan de Juárez, Mexico
0%
27 Letters Petite Rivière de l'Arbonite, Haiti
0%
25 Letters Petropavlovsk-Kamchatskiy, Russia
0%
19 Letters San Juan Sacetepéquez, Guatemala
0%
30 Letters San Martin Texmelucan de Labastida, Mexico
0%
22 Letters San Nicholás de los Arroyos, Argentina
0%
24 Letters Soledad de Graciano Sánchez, Mexico
0%
18 Letters Thiruvananthapuram, India
0%
26 Letters Tultitlán de Mariano Escobedo, Mexico
0%
14 Letters Vishākhapatnam, India
0%
23 Letters Zhangjiakou Shi Xuanhua Qu, China
0%
No matching quizzes found
Score Distribution
Percent of People with Each Score
Percentile by Number Answered
Your Score History
You have not taken this quiz